Tratado de jardinería y floricultura (Record no. 112575)

MARC details
000 -LEADER
campo de control de longitud fija 00555nam a2200169 4500
001 - NÚMERO DE CONTROL
campo de control 112575
003 - IDENTIFICADOR DE NÚMERO DE CONTROL
campo de control ES-MaACL
005 - FECHA Y HORA DE LA ÚLTIMA TRANSACCIÓN
campo de control 20230906185549.0
007 - CAMPO FIJO DE DESCRIPCIÓN FÍSICA--INFORMACIÓN GENERAL
campo de control de longitud fija t|
008 - DATOS DE LONGITUD FIJA--INFORMACIÓN GENERAL
campo de control de longitud fija 061121s1936 sp r ||||1| spa d
100 1# - ENTRADA PRINCIPAL--NOMBRE DE PERSONA
Nombre de persona Muñoz y Rubio, Pedro Julián.
9 (RLIN) 84520
245 10 - MENCIÓN DEL TÍTULO
Título Tratado de jardinería y floricultura
Resto del título : historia de la jardinería /
Mención de responsabilidad, etc. por Pedro Julián Muñoz y Rubio.
250 ## - MENCION DE EDICION
Mención de edición 3ª ed. aum.
260 ## - PUBLICACIÓN, DISTRIBUCIÓN, ETC.
Lugar de publicación, distribución, etc. Madrid :
Nombre del editor, distribuidor, etc. [s.n.],
Fecha de publicación, distribución, etc. 1936 (
Fabricante Imp. Sebastián Rodríguez)
300 ## - DESCRIPCIÓN FÍSICA
Extensión XVI, 478 p. ;
Dimensiones 16 cm.
852 ## - LOCALIZACIÓN
Ubicación ES-MaACL
Número de control de estantería A-5017
Sublocalización o colección R.17077
Holdings
Estatus retirado Estado de pérdida Estado de daño No para préstamo Biblioteca de origen Biblioteca actual Ubicación en estantería Fecha de adquisición Fuente de adquisición Total de préstamos Signatura topográfica completa Código de barras Visto por última vez Precio de reemplazo Tipo de ítem Koha
        Biblioteca del Ateneo de Madrid Biblioteca del Ateneo de Madrid Sala Pecera Planta 1 17/01/2008     A-5017 1117427 23/02/2023 23/02/2023 Libro impreso